[Event "Stay Safe Play From Home slow tournament"]
[Site "Emanuel Lasker Arena"]
[Date "2020.08.29"]
[Round "3"]
[White "MSteim67"]
[Black "Hermann53"]
[Result "1-0"]
[WhiteElo "1713"]
[BlackElo "1109"]
[Annotator "NA"]
[PlyCount "75"]
[EventDate "2020.08.29"]
[EventType "swiss (rapid)"]

{- Wallner, Hermann} 1. d4 {[%emt 0:00:20]} g6 {[%emt 0:00:04]} 2. Nf3 {[%emt 0:00:03]} Bg7 {[%emt 0:00:04]} 3. e3 {[%emt 0:00:03]} c5 {[%emt 0:00:07]} 4. c3 {[%emt 0:00:05]} Nf6 {[%emt 0:00:05]} 5. dxc5 {[%emt 0:00:08]} Nc6 {[%emt 0:00:05]} 6. Be2 {[%emt 0:00:18]} O-O {[%emt 0:00:52]} 7. O-O {[%emt 0:00:18]} e5 {[%emt 0:00:13]} 8. Nbd2 {[%emt 0:00:23]} e4 {[%emt 0:00:22]} 9. Nd4 {[%emt 0:00:05]} d5 {[%emt 0:00:11]} 10. N2b3 {[%emt 0:00:20]} Bh3 {[%emt 0:00:08]} 11. gxh3 {[%emt 0:00:27]} Qd7 {[%emt 0:00:11]} 12. Bg4 {[%emt 0:00:13]} Nxg4 {[%emt 0:00:10]} 13. hxg4 {[%emt 0:00:03]} Be5 {[%emt 0:00:08]} 14. h3 {[%emt 0:00:56]} h5 {[%emt 0:00:37]} 15. Qe2 {[%emt 0:00:10]} Qc7 {[%emt 0:00:22]} 16. f4 {[%emt 0:00:44]} f5 {[%emt 0:00:32]} 17. fxe5 {[%emt 0:00:28]} Nxe5 {[%emt 0:00:08]} 18. Ne6 {[%emt 0:00:18]} Nf3+ {[%emt 0:00:06]} 19. Rxf3 {[%emt 0:00:26]} exf3 {[%emt 0:00:18]} 20. Qxf3 {[%emt 0:00:02]} Qe7 {[%emt 0:00:40]} 21. Qxd5 {[%emt 0:00:29]} Rad8 {[%emt 0:00:21]} 22. Nxd8+ {[%emt 0:00:08]} Kg7 {[%emt 0:00:14]} 23. Ne6+ {[%emt 0:00:07]} Kf7 {[%emt 0:00:19]} 24. Nxf8+ {[%emt 0:00:11]} Kxf8 {[%emt 0:00:03]} 25. gxf5 {[%emt 0:00:12]} Qc7 {[%emt 0:00:08]} 26. Qd6+ {[%emt 0:00:04]} Qxd6 {[%emt 0:00:14]} 27. cxd6 {[%emt 0:00:03]} gxf5 {[%emt 0:00:06]} 28. Nd4 {[%emt 0:00:05]} Ke8 {[%emt 0:00:01]} 29. Nxf5 {[%emt 0:00:02]} Kd7 {[%emt 0:00:01]} 30. e4 {[%emt 0:00:04]} h4 {[%emt 0:00:02]} 31. e5 {[%emt 0:00:02]} b5 {[%emt 0:00:02]} 32. Bg5 {[%emt 0:00:04]} Ke6 {[%emt 0:00:01]} 33. Nxh4 {[%emt 0:00:12]} a5 {[%emt 0:00:06]} 34. Rd1 {[%emt 0:00:06]} b4 {[%emt 0:00:04]} 35. cxb4 {[%emt 0:00:03]} axb4 {[%emt 0:00:01]} 36. d7 {[%emt 0:00:01]} Kxe5 {[%emt 0:00:09]} 37. d8=Q {[%emt 0:00:02]} Ke4 {[%emt 0:00:01]} 38. Qe7# {[%emt 0:00:08] (Lag: Av=0.47s, max=1.1s) (Lag: Av=0.47s, max=1.1s) (Lag: Av=0.47s, max=1.1s)} 1-0

[Event "Stay Safe Play From Home slow tournament"]
[Site "Emanuel Lasker Arena"]
[Date "2020.08.29"]
[Round "3"]
[White "KING o KONG"]
[Black "Action26"]
[Result "0-1"]
[WhiteElo "1371"]
[BlackElo "1864"]
[Annotator "NA"]
[PlyCount "56"]
[EventDate "2020.08.29"]
[EventType "swiss (rapid)"]

1. d3 {[%emt 0:00:02]} c5 {[%emt 0:00:18]} 2. e3 {[%emt 0:00:03]} Nc6 {[%emt 0:00:07]} 3. b3 {[%emt 0:00:03]} e5 {[%emt 0:00:11]} 4. Bb2 {[%emt 0:00:02]} g6 {[%emt 0:00:22]} 5. e4 {[%emt 0:00:01]} Bg7 {[%emt 0:00:11]} 6. g3 {[%emt 0:00:02]} Nge7 {[%emt 0:00:24]} 7. Nd2 {[%emt 0:00:01]} d6 {[%emt 0:00:04]} 8. a3 {[%emt 0:00:01]} Be6 {[%emt 0:00:05]} 9. Nc4 {[%emt 0:00:13]} b5 {[%emt 0:00:06]} 10. Ne3 {[%emt 0:00:02]} O-O {[%emt 0:00:09]} 11. Nf3 {[%emt 0:00:01]} h6 {[%emt 0:00:07]} 12. Qd2 {[%emt 0:00:07]} Qd7 {[%emt 0:00:09]} 13. h4 {[%emt 0:00:01]} d5 {[%emt 0:00:09]} 14. O-O-O {[%emt 0:00:19]} d4 {[%emt 0:00:11]} 15. Ng2 {[%emt 0:00:08]} Bc4 {[%emt 0:00:14]} 16. bxc4 {[%emt 0:00:05]} bxc4 {[%emt 0:00:07]} 17. dxc4 {[%emt 0:00:03]} Rab8 {[%emt 0:00:06]} 18. Qd3 {[%emt 0:00:11]} Rb6 {[%emt 0:00:44]} 19. Kd2 {[%emt 0:00:02]} Rxb2 {[%emt 0:00:03]} 20. Be2 {[%emt 0:00:03]} Qc7 {[%emt 0:00:08]} 21. Rb1 {[%emt 0:00:01]} Qa5+ {[%emt 0:00:11]} 22. Kc1 {[%emt 0:00:10]} Ra2 {[%emt 0:00:20]} 23. Qc3 {[%emt 0:00:17]} Qxc3 {[%emt 0:00:03]} 24. Nge1 {[%emt 0:00:34]} Qxa3+ {[%emt 0:00:07]} 25. Kd2 {[%emt 0:00:03]} Qc3+ {[%emt 0:00:03]} 26. Kc1 {[%emt 0:00:03]} Nb4 {[%emt 0:00:01]} 27. Rb3 {[%emt 0:00:07]} Rxc2+ {[%emt 0:00:04]} 28. Nxc2 {[%emt 0:00:02]} Qxc2# {[%emt 0:00:01] Mate Mate Mate} 0-1

[Event "Stay Safe Play From Home slow tournament"]
[Site "Emanuel Lasker Arena"]
[Date "2020.08.29"]
[Round "4"]
[White "B1b"]
[Black "Ghilea75"]
[Result "1-0"]
[WhiteElo "2016"]
[BlackElo "2030"]
[Annotator "NA"]
[PlyCount "43"]
[EventDate "2020.08.29"]
[EventType "swiss (rapid)"]

1. e4 {[%emt 0:00:05]} e5 {[%emt 0:01:25]} 2. Bc4 {[%emt 0:00:05]} Nf6 {[%emt 0:00:04]} 3. Nc3 {[%emt 0:00:02]} Be7 {[%emt 0:00:14]} 4. d3 {[%emt 0:00:04]} O-O {[%emt 0:00:10]} 5. Nf3 {[%emt 0:00:04]} d6 {[%emt 0:00:04]} 6. O-O {[%emt 0:00:02]} Bg4 {[%emt 0:00:10]} 7. Bg5 {[%emt 0:00:04]} Nc6 {[%emt 0:00:36]} 8. Kh1 {[%emt 0:00:08]} Nd4 {[%emt 0:00:08]} 9. Be3 {[%emt 0:00:08]} c5 {[%emt 0:00:50]} 10. Bxd4 {[%emt 0:00:10]} cxd4 {[%emt 0:00:03]} 11. Ne2 {[%emt 0:00:01]} Bxf3 {[%emt 0:00:11]} 12. gxf3 {[%emt 0:00:00]} Nh5 {[%emt 0:00:12]} 13. Rg1 {[%emt 0:00:15]} Bg5 {[%emt 0:00:37]} 14. Qf1 {[%emt 0:00:06]} Bf4 {[%emt 0:00:17]} 15. Rg4 {[%emt 0:00:25]} g6 {[%emt 0:00:10]} 16. Qh3 {[%emt 0:00:07]} Kh8 {[%emt 0:00:05]} 17. Rag1 {[%emt 0:00:11]} f5 {[%emt 0:00:41]} 18. Rxg6 {[%emt 0:01:05]} hxg6 {[%emt 0:00:21]} 19. Rxg6 {[%emt 0:00:00]} Qe7 {[%emt 0:00:24]} 20. Nxf4 {[%emt 0:00:43]} exf4 {[%emt 0:00:12]} 21. Qxh5+ {[%emt 0:00:04]} Qh7 {[%emt 0:00:02]} 22. Rh6 {[%emt 0:00:03] Ghilea75 resigns Ghilea75 resigns Ghilea75 resigns (Lag: Av=0.60s, max=0.7s) (Lag: Av=0.60s, max=0.7s) (Lag: Av=0.60s, max=0.7s)} 1-0

[Event "Stay Safe Play From Home slow tournament"]
[Site "Emanuel Lasker Arena"]
[Date "2020.08.29"]
[Round "4"]
[White "Action26"]
[Black "Dave_H"]
[Result "1-0"]
[WhiteElo "1869"]
[BlackElo "1866"]
[Annotator "NA"]
[PlyCount "105"]
[EventDate "2020.08.29"]
[EventType "swiss (rapid)"]
[BlackTeam "SK Vellmar"]

{- Halt, David (2088)} 1. d4 {[%emt 0:00:03]} f5 {[%emt 0:00:05]} 2. Bg5 {[%emt 0:00:02]} g6 {[%emt 0:00:02]} 3. e3 {[%emt 0:00:06]} Bg7 {[%emt 0:00:04]} 4. c3 {[%emt 0:00:05]} Nh6 {[%emt 0:00:04]} 5. Bc4 {[%emt 0:00:07]} d5 {[%emt 0:00:03]} 6. Be2 {[%emt 0:00:03]} Nf7 {[%emt 0:00:03]} 7. Bh4 {[%emt 0:00:05]} O-O {[%emt 0:00:05]} 8. Nf3 {[%emt 0:00:04]} Nc6 {[%emt 0:00:15]} 9. O-O {[%emt 0:00:03]} h6 {[%emt 0:00:05]} 10. h3 {[%emt 0:00:08]} g5 {[%emt 0:00:02]} 11. Bg3 {[%emt 0:00:01]} e5 {[%emt 0:00:11]} 12. dxe5 {[%emt 0:00:05]} Ncxe5 {[%emt 0:00:03]} 13. Nbd2 {[%emt 0:00:09]} Ng6 {[%emt 0:00:11]} 14. Qc2 {[%emt 0:00:19]} c6 {[%emt 0:00:19]} 15. Rfd1 {[%emt 0:00:14]} Qf6 {[%emt 0:00:03]} 16. Bh2 {[%emt 0:00:55]} g4 {[%emt 0:00:55]} 17. Nd4 {[%emt 0:00:54]} Nfe5 {[%emt 0:00:15]} 18. f4 {[%emt 0:00:38]} Nf7 {[%emt 0:00:23]} 19. c4 {[%emt 0:00:17]} Be6 {[%emt 0:00:17]} 20. N2b3 {[%emt 0:01:00]} Nd6 {[%emt 0:00:14]} 21. Nc5 {[%emt 0:02:37]} Bc8 {[%emt 0:00:33]} 22. cxd5 {[%emt 0:00:22]} cxd5 {[%emt 0:00:00]} 23. Rac1 {[%emt 0:01:08] Action26 bietet Remis Action26 bietet Remis Action26 bietet Remis} h5 {[%emt 0:01:08]} 24. Qb3 {[%emt 0:00:12]} Qf7 {[%emt 0:00:03]} 25. Nb5 {[%emt 0:00:20]} Nxb5 {[%emt 0:00:44]} 26. Bxb5 {[%emt 0:00:09]} Rd8 {[%emt 0:00:22]} 27. Rd2 {[%emt 0:00:53]} a6 {[%emt 0:00:24]} 28. Bc4 {[%emt 0:00:24]} Ne7 {[%emt 0:01:24]} 29. Rcd1 {[%emt 0:00:12]} b5 {[%emt 0:02:00]} 30. Bxd5 {[%emt 0:00:17]} Nxd5 {[%emt 0:00:03]} 31. Rxd5 {[%emt 0:00:04]} Rxd5 {[%emt 0:00:18]} 32. Rxd5 {[%emt 0:00:31]} Bf6 {[%emt 0:00:20]} 33. Rd2 {[%emt 0:00:22]} Be7 {[%emt 0:00:34]} 34. Qd5 {[%emt 0:00:51]} Bxc5 {[%emt 0:01:19]} 35. Qxc5 {[%emt 0:00:11]} Bb7 {[%emt 0:00:14]} 36. Bg3 {[%emt 0:00:36]} gxh3 {[%emt 0:02:04]} 37. gxh3 {[%emt 0:00:06]} Qg6 {[%emt 0:00:26]} 38. Kh2 {[%emt 0:00:12]} Rc8 {[%emt 0:00:41]} 39. Qe7 {[%emt 0:00:14]} Qc6 {[%emt 0:00:15]} 40. Qg5+ {[%emt 0:00:28]} Kf8 {[%emt 0:00:17]} 41. Qxf5+ {[%emt 0:00:04]} Ke8 {[%emt 0:00:13]} 42. Qxh5+ {[%emt 0:00:10]} Kf8 {[%emt 0:00:06]} 43. Qf5+ {[%emt 0:00:07]} Ke8 {[%emt 0:00:55]} 44. e4 {[%emt 0:00:28]} Qc5 {[%emt 0:00:39]} 45. Qxc5 {[%emt 0:00:11]} Rxc5 {[%emt 0:00:03]} 46. Re2 {[%emt 0:00:07]} Kf7 {[%emt 0:00:04]} 47. f5 {[%emt 0:00:18]} Rc4 {[%emt 0:00:03]} 48. e5 {[%emt 0:00:05]} Bc8 {[%emt 0:00:02]} 49. e6+ {[%emt 0:00:04]} Ke8 {[%emt 0:00:03]} 50. f6 {[%emt 0:00:06]} Bb7 {[%emt 0:00:04]} 51. f7+ {[%emt 0:00:05]} Ke7 {[%emt 0:00:01]} 52. Bd6+ {[%emt 0:00:05]} Kxd6 {[%emt 0:00:04]} 53. f8=Q+ {[%emt 0:00:02] Dave_H gibt auf Dave_H gibt auf Dave_H gibt auf (Lag: Av=0.43s, max=0.9s) (Lag: Av=0.43s, max=0.9s) (Lag: Av=0.43s, max=0.9s)} 1-0

[Event "Stay Safe Play From Home slow tournament"]
[Site "Emanuel Lasker Arena"]
[Date "2020.08.29"]
[Round "4"]
[White "Ulff"]
[Black "Sadbat1122"]
[Result "1-0"]
[WhiteElo "1860"]
[BlackElo "1880"]
[Annotator "NA"]
[PlyCount "133"]
[EventDate "2020.08.29"]
[EventType "swiss (rapid)"]

1. e4 {[%emt 0:00:08]} Nc6 {[%emt 0:00:02]} 2. Nf3 {[%emt 0:00:37]} f5 {[%emt 0:00:09]} 3. exf5 {[%emt 0:00:55]} d5 {[%emt 0:00:18]} 4. d4 {[%emt 0:00:20]} Bxf5 {[%emt 0:00:03]} 5. Bd3 {[%emt 0:00:56]} Be4 {[%emt 0:00:27]} 6. c3 {[%emt 0:00:13]} Nf6 {[%emt 0:00:04]} 7. Qe2 {[%emt 0:00:10]} Qd6 {[%emt 0:00:07]} 8. Bg5 {[%emt 0:00:25]} Bxd3 {[%emt 0:00:47]} 9. Qxd3 {[%emt 0:00:04]} Qe6+ {[%emt 0:00:02]} 10. Qe2 {[%emt 0:00:30]} Qxe2+ {[%emt 0:00:05]} 11. Kxe2 {[%emt 0:00:02]} h6 {[%emt 0:00:11]} 12. Bf4 {[%emt 0:00:10]} O-O-O {[%emt 0:00:06]} 13. h3 {[%emt 0:00:07]} e6 {[%emt 0:00:08]} 14. Ne5 {[%emt 0:00:07]} Nxe5 {[%emt 0:00:09]} 15. Bxe5 {[%emt 0:00:03]} Nd7 {[%emt 0:00:06]} 16. Bg3 {[%emt 0:00:15]} Bd6 {[%emt 0:00:08]} 17. Bxd6 {[%emt 0:00:17]} cxd6 {[%emt 0:00:03]} 18. f4 {[%emt 0:00:02]} Rdf8 {[%emt 0:00:12]} 19. Rf1 {[%emt 0:00:37]} e5 {[%emt 0:00:03]} 20. f5 {[%emt 0:00:28]} e4 {[%emt 0:00:07]} 21. Na3 {[%emt 0:00:15]} a6 {[%emt 0:00:05]} 22. g4 {[%emt 0:00:14]} Nf6 {[%emt 0:00:20]} 23. Nc2 {[%emt 0:00:16]} Kd7 {[%emt 0:00:07]} 24. Ne3 {[%emt 0:00:16]} Rc8 {[%emt 0:00:07]} 25. h4 {[%emt 0:00:26]} b5 {[%emt 0:00:32]} 26. a3 {[%emt 0:00:14]} a5 {[%emt 0:00:06]} 27. Rf2 {[%emt 0:01:12]} Kc6 {[%emt 0:00:10]} 28. Rg1 {[%emt 0:00:24]} Rb8 {[%emt 0:00:24]} 29. g5 {[%emt 0:00:11]} Nh5 {[%emt 0:00:21]} 30. f6 {[%emt 0:00:36]} gxf6 {[%emt 0:00:18]} 31. gxf6 {[%emt 0:00:07]} Rbf8 {[%emt 0:00:10]} 32. Rg6 {[%emt 0:01:00]} Rf7 {[%emt 0:00:25]} 33. Rf5 {[%emt 0:00:22]} Nxf6 {[%emt 0:01:19]} 34. Rfxf6 {[%emt 0:00:30]} Rxf6 {[%emt 0:00:03]} 35. Rxf6 {[%emt 0:00:04]} h5 {[%emt 0:00:12]} 36. Rf5 {[%emt 0:00:36]} b4 {[%emt 0:00:05]} 37. axb4 {[%emt 0:00:28]} axb4 {[%emt 0:00:04]} 38. Nxd5 {[%emt 0:00:07]} bxc3 {[%emt 0:00:06]} 39. bxc3 {[%emt 0:00:08]} Rb8 {[%emt 0:00:08]} 40. Nb4+ {[%emt 0:00:05]} Kd7 {[%emt 0:00:04]} 41. Rxh5 {[%emt 0:00:05]} Rg8 {[%emt 0:00:05]} 42. Rg5 {[%emt 0:00:03]} Rh8 {[%emt 0:00:03]} 43. h5 {[%emt 0:00:06]} Ke6 {[%emt 0:00:02]} 44. Ke3 {[%emt 0:00:05]} Rc8 {[%emt 0:00:03]} 45. Kxe4 {[%emt 0:00:33]} Rxc3 {[%emt 0:00:04]} 46. Nd3 {[%emt 0:00:12]} Rc2 {[%emt 0:00:05]} 47. Rg6+ {[%emt 0:00:14]} Ke7 {[%emt 0:00:03]} 48. Kd5 {[%emt 0:00:07]} Rh2 {[%emt 0:00:08]} 49. Re6+ {[%emt 0:00:29]} Kf7 {[%emt 0:00:04]} 50. h6 {[%emt 0:00:19]} Rh4 {[%emt 0:00:21]} 51. Re1 {[%emt 0:01:15]} Rxh6 {[%emt 0:00:06]} 52. Nb4 {[%emt 0:00:11]} Rh4 {[%emt 0:00:15]} 53. Nc6 {[%emt 0:00:10]} Rh6 {[%emt 0:00:10]} 54. Re7+ {[%emt 0:00:06]} Kf8 {[%emt 0:00:02]} 55. Re6 {[%emt 0:00:05]} Rh5+ {[%emt 0:00:20]} 56. Kxd6 {[%emt 0:00:03]} Kf7 {[%emt 0:00:06]} 57. d5 {[%emt 0:00:05]} Rh1 {[%emt 0:00:06]} 58. Re2 {[%emt 0:00:06]} Rc1 {[%emt 0:00:04]} 59. Kd7 {[%emt 0:00:05]} Rd1 {[%emt 0:00:04]} 60. d6 {[%emt 0:00:01]} Rc1 {[%emt 0:00:02]} 61. Ne5+ {[%emt 0:00:04]} Kf8 {[%emt 0:00:02]} 62. Rf2+ {[%emt 0:00:04]} Kg8 {[%emt 0:00:03]} 63. Ke7 {[%emt 0:00:10]} Re1 {[%emt 0:00:02]} 64. d7 {[%emt 0:00:38]} Rxe5+ {[%emt 0:00:02]} 65. Kd6 {[%emt 0:00:03]} Rg5 {[%emt 0:00:20]} 66. d8=Q+ {[%emt 0:00:04]} Kg7 {[%emt 0:00:03]} 67. Qxg5+ {[%emt 0:00:03] Sadbat1122 resigns Sadbat1122 resigns Sadbat1122 resigns (Lag: Av=1.55s, max=2.8s) (Lag: Av=1.55s, max=2.8s) (Lag: Av=1.55s, max=2.8s)} 1-0

[Event "Stay Safe Play From Home slow tournament"]
[Site "Emanuel Lasker Arena"]
[Date "2020.08.29"]
[Round "4"]
[White "Roefe Detlef"]
[Black "MartinKestler"]
[Result "1/2-1/2"]
[WhiteElo "1856"]
[BlackElo "1985"]
[Annotator "NA"]
[PlyCount "63"]
[EventDate "2020.08.29"]
[EventType "swiss (rapid)"]

1. d4 {[%emt 0:00:18]} d5 {[%emt 0:00:12]} 2. c4 {[%emt 0:00:03]} c5 {[%emt 0:00:23]} 3. cxd5 {[%emt 0:00:11]} Qxd5 {[%emt 0:00:03]} 4. e3 {[%emt 0:00:02]} cxd4 {[%emt 0:00:04]} 5. exd4 {[%emt 0:00:02]} Nc6 {[%emt 0:00:03]} 6. Be3 {[%emt 0:00:04]} Nf6 {[%emt 0:00:28]} 7. Nc3 {[%emt 0:00:04]} Qa5 {[%emt 0:00:08]} 8. a3 {[%emt 0:00:09]} g6 {[%emt 0:00:48]} 9. Bb5 {[%emt 0:00:12]} Bd7 {[%emt 0:00:09]} 10. b4 {[%emt 0:00:10]} Qd8 {[%emt 0:00:08]} 11. Nf3 {[%emt 0:00:09]} Bg7 {[%emt 0:00:07]} 12. d5 {[%emt 0:00:02]} Nb8 {[%emt 0:00:26]} 13. Bxd7+ {[%emt 0:00:06]} Nbxd7 {[%emt 0:00:05]} 14. Rc1 {[%emt 0:00:03]} a6 {[%emt 0:00:08]} 15. O-O {[%emt 0:00:02]} O-O {[%emt 0:00:02]} 16. d6 {[%emt 0:00:03]} exd6 {[%emt 0:00:18]} 17. Qxd6 {[%emt 0:00:04]} Ng4 {[%emt 0:00:07]} 18. Qd2 {[%emt 0:00:16]} Nde5 {[%emt 0:00:26]} 19. Nxe5 {[%emt 0:00:07]} Bxe5 {[%emt 0:00:06]} 20. Qxd8 {[%emt 0:00:17]} Rfxd8 {[%emt 0:00:07]} 21. h3 {[%emt 0:00:19]} Nxe3 {[%emt 0:00:15]} 22. fxe3 {[%emt 0:00:01]} Rd3 {[%emt 0:00:21]} 23. Ne4 {[%emt 0:00:15]} Rxe3 {[%emt 0:00:13]} 24. Nc5 {[%emt 0:00:12]} Bd4 {[%emt 0:00:11]} 25. Kh1 {[%emt 0:00:02]} Bxc5 {[%emt 0:00:02]} 26. Rxc5 {[%emt 0:00:02]} Rxa3 {[%emt 0:00:02]} 27. Rc7 {[%emt 0:00:01]} Rf8 {[%emt 0:00:48]} 28. Rxb7 {[%emt 0:00:01]} f5 {[%emt 0:00:11]} 29. Rd1 {[%emt 0:00:04]} Rf7 {[%emt 0:00:03]} 30. Rb6 {[%emt 0:00:22]} Ra4 {[%emt 0:00:25]} 31. Rd8+ {[%emt 0:00:05]} Kg7 {[%emt 0:00:01]} 32. Ra8 {[%emt 0:00:03] Roefe Detlef bietet Remis Roefe Detlef bietet Remis Roefe Detlef bietet Remis (Lag: Av=0.35s, max=0.5s) (Lag: Av=0.35s, max=0.5s) (Lag: Av=0.35s, max=0.5s)} 1/2-1/2

[Event "Stay Safe Play From Home slow tournament"]
[Site "Emanuel Lasker Arena"]
[Date "2020.08.29"]
[Round "4"]
[White "Watchel"]
[Black "MSteim67"]
[Result "0-1"]
[WhiteElo "1809"]
[BlackElo "1714"]
[Annotator "NA"]
[PlyCount "90"]
[EventDate "2020.08.29"]
[EventType "swiss (rapid)"]

1. c4 {[%emt 0:00:02]} c6 {[%emt 0:00:06]} 2. e4 {[%emt 0:00:03]} e6 {[%emt 0:00:03]} 3. Nc3 {[%emt 0:00:02]} d5 {[%emt 0:00:02]} 4. exd5 {[%emt 0:00:01]} exd5 {[%emt 0:00:10]} 5. cxd5 {[%emt 0:00:07]} cxd5 {[%emt 0:00:03]} 6. d4 {[%emt 0:00:01]} Nf6 {[%emt 0:00:02]} 7. Nf3 {[%emt 0:00:01]} Bd6 {[%emt 0:00:10]} 8. Bd3 {[%emt 0:00:04]} O-O {[%emt 0:00:03]} 9. O-O {[%emt 0:00:02]} Be6 {[%emt 0:00:07]} 10. h3 {[%emt 0:00:01]} Re8 {[%emt 0:00:02]} 11. Bg5 {[%emt 0:00:05]} Nbd7 {[%emt 0:00:02]} 12. Re1 {[%emt 0:00:02]} h6 {[%emt 0:00:10]} 13. Bh4 {[%emt 0:00:04]} Qc7 {[%emt 0:00:24]} 14. Nb5 {[%emt 0:00:30]} Qb6 {[%emt 0:00:17]} 15. Nxd6 {[%emt 0:00:06]} Qxd6 {[%emt 0:00:04]} 16. Ne5 {[%emt 0:00:08]} Qc7 {[%emt 0:01:08]} 17. Rc1 {[%emt 0:00:16]} Qb6 {[%emt 0:00:14]} 18. b3 {[%emt 0:00:19]} Nxe5 {[%emt 0:00:12]} 19. Rxe5 {[%emt 0:00:13]} Nd7 {[%emt 0:00:43]} 20. Re1 {[%emt 0:00:09]} Rac8 {[%emt 0:00:02]} 21. Rxc8 {[%emt 0:00:05]} Rxc8 {[%emt 0:00:06]} 22. Bb1 {[%emt 0:00:04]} Nf8 {[%emt 0:00:30]} 23. Qd3 {[%emt 0:00:04]} Qb4 {[%emt 0:00:43]} 24. Rd1 {[%emt 0:00:10]} Qd6 {[%emt 0:00:18]} 25. Bg3 {[%emt 0:00:03]} Qc6 {[%emt 0:00:10]} 26. Be5 {[%emt 0:00:03]} Ng6 {[%emt 0:00:13]} 27. Bg3 {[%emt 0:00:08]} Qd7 {[%emt 0:00:14]} 28. h4 {[%emt 0:00:14]} Re8 {[%emt 0:00:36]} 29. h5 {[%emt 0:00:06]} Nf8 {[%emt 0:00:40]} 30. Re1 {[%emt 0:00:12]} Bg4 {[%emt 0:00:15]} 31. Rxe8 {[%emt 0:00:10]} Qxe8 {[%emt 0:00:03]} 32. Be5 {[%emt 0:00:13]} Bxh5 {[%emt 0:00:15]} 33. Qg3 {[%emt 0:00:14]} Bg6 {[%emt 0:00:35]} 34. Bxg6 {[%emt 0:00:24]} Nxg6 {[%emt 0:00:04]} 35. Bd6 {[%emt 0:00:14]} Qe4 {[%emt 0:00:41]} 36. Bc5 {[%emt 0:00:06]} b6 {[%emt 0:00:10]} 37. Qb8+ {[%emt 0:00:04]} Kh7 {[%emt 0:00:08]} 38. Bb4 {[%emt 0:00:09]} Qxd4 {[%emt 0:00:15]} 39. Qxa7 {[%emt 0:00:03]} Qxb4 {[%emt 0:00:09]} 40. Qxf7 {[%emt 0:00:02]} d4 {[%emt 0:00:15]} 41. Qf5 {[%emt 0:00:11]} Qc3 {[%emt 0:00:12]} 42. Qb5 {[%emt 0:00:05]} d3 {[%emt 0:00:13]} 43. Qxb6 {[%emt 0:00:01]} d2 {[%emt 0:00:04]} 44. a4 {[%emt 0:00:09]} d1=Q+ {[%emt 0:00:07]} 45. Kh2 {[%emt 0:00:02]} Qdd4 {[%emt 0:00:15] Watchel gibt auf Watchel gibt auf Watchel gibt auf (Lag: Av=0.38s, max=0.8s) (Lag: Av=0.38s, max=0.8s) (Lag: Av=0.38s, max=0.8s)} 0-1

[Event "Stay Safe Play From Home slow tournament"]
[Site "Emanuel Lasker Arena"]
[Date "2020.08.29"]
[Round "4"]
[White "Buff"]
[Black "W Nelles"]
[Result "1/2-1/2"]
[WhiteElo "1772"]
[BlackElo "1599"]
[Annotator "NA"]
[PlyCount "85"]
[EventDate "2020.08.29"]
[EventType "swiss (rapid)"]

1. e4 {[%emt 0:00:01]} e5 {[%emt 0:00:10]} 2. Nf3 {[%emt 0:00:02]} Nc6 {[%emt 0:00:05]} 3. Bc4 {[%emt 0:00:01]} h6 {[%emt 0:00:23]} 4. d4 {[%emt 0:00:14]} d6 {[%emt 0:00:10]} 5. dxe5 {[%emt 0:00:56]} Bg4 {[%emt 0:00:11]} 6. exd6 {[%emt 0:01:27]} Qxd6 {[%emt 0:00:09]} 7. Qxd6 {[%emt 0:00:55]} Bxd6 {[%emt 0:00:17]} 8. Nbd2 {[%emt 0:00:08]} Bxf3 {[%emt 0:00:22]} 9. Nxf3 {[%emt 0:00:03]} Nf6 {[%emt 0:00:07]} 10. O-O {[%emt 0:01:05]} O-O {[%emt 0:00:07]} 11. Bd5 {[%emt 0:00:14]} Nxd5 {[%emt 0:00:38]} 12. exd5 {[%emt 0:00:00]} Ne5 {[%emt 0:00:07]} 13. Nxe5 {[%emt 0:00:05]} Bxe5 {[%emt 0:00:02]} 14. Rb1 {[%emt 0:00:17]} Rfd8 {[%emt 0:00:24]} 15. c4 {[%emt 0:00:02]} Bd6 {[%emt 0:00:17]} 16. a3 {[%emt 0:00:16]} b6 {[%emt 0:00:24]} 17. Re1 {[%emt 0:00:16]} Re8 {[%emt 0:00:13]} 18. Bd2 {[%emt 0:00:03]} Re5 {[%emt 0:00:33]} 19. f4 {[%emt 0:00:24]} Ree8 {[%emt 0:00:23]} 20. b4 {[%emt 0:00:35]} Kf8 {[%emt 0:00:20]} 21. Kf2 {[%emt 0:01:20]} Rxe1 {[%emt 0:00:15]} 22. Rxe1 {[%emt 0:00:05]} Re8 {[%emt 0:00:02]} 23. Rxe8+ {[%emt 0:00:14]} Kxe8 {[%emt 0:00:04]} 24. Be3 {[%emt 0:00:02]} Kd7 {[%emt 0:00:03]} 25. h3 {[%emt 0:00:36]} c6 {[%emt 0:00:07]} 26. c5 {[%emt 0:00:21]} bxc5 {[%emt 0:00:06]} 27. bxc5 {[%emt 0:00:00]} Bc7 {[%emt 0:00:04]} 28. d6 {[%emt 0:00:08]} Ba5 {[%emt 0:00:06]} 29. f5 {[%emt 0:00:16]} h5 {[%emt 0:00:13]} 30. g4 {[%emt 0:00:06]} hxg4 {[%emt 0:00:20]} 31. hxg4 {[%emt 0:00:00]} Bc3 {[%emt 0:00:02]} 32. Ke2 {[%emt 0:00:27]} g6 {[%emt 0:00:10]} 33. Kd3 {[%emt 0:00:24]} Bb2 {[%emt 0:00:25]} 34. a4 {[%emt 0:00:03]} a6 {[%emt 0:00:07]} 35. Ke4 {[%emt 0:00:37]} Bc3 {[%emt 0:00:24]} 36. Kf4 {[%emt 0:00:28]} Bf6 {[%emt 0:01:43]} 37. Ke4 {[%emt 0:01:20]} g5 {[%emt 0:00:28]} 38. Bd4 {[%emt 0:01:04]} Bd8 {[%emt 0:00:18]} 39. Bc3 {[%emt 0:00:40]} f6 {[%emt 0:00:10]} 40. Bb4 {[%emt 0:00:41]} Kc8 {[%emt 0:00:14]} 41. Bc3 {[%emt 0:00:04]} Kd7 {[%emt 0:00:02]} 42. Kd3 {[%emt 0:00:05]} Kc8 {[%emt 0:00:04]} 43. Ke4 {[%emt 0:00:20] Buff bietet Remis Buff bietet Remis Buff bietet Remis (Lag: Av=0.84s, max=1.4s) (Lag: Av=0.84s, max=1.4s) (Lag: Av=0.84s, max=1.4s)} 1/2-1/2